| 000 | 00977cam a22002534a 4500 | ||
|---|---|---|---|
| 001 | 13431771 | ||
| 005 | 20241102154050.0 | ||
| 007 | vd cvaiz| | ||
| 008 | 031211s2005 maua b 001 0 eng | ||
| 020 | _a0072875577 (pbk.) | ||
| 020 | _a9780072875577 | ||
| 020 | _a0072884614 (DVD) | ||
| 050 | 0 | 0 |
_aHB171.5 _b.M473 2005 |
| 082 | 0 | 0 |
_a339 _222 |
| 100 | 1 | _aMcConnell, Campbell R. | |
| 245 | 1 | 0 |
_aMacroeconomics : _bprinciples, problems, and policies / _cCampbell R. McConnell, Stanley L. Brue. |
| 250 | _a16th ed. | ||
| 260 |
_aBoston : _bMcGraw-Hill/Irwin, _cc2005. |
||
| 300 |
_a1 v. (various pagings) : _bcol. ill. ; _c26 cm. + _e1 videodisc (DVD, ca. 255 min. : sd., col. ; 4 3/4 in.) |
||
| 500 | _a"16th ed. is accompanied by ... DiscoverEcon with Paul Solman Videos ... which consists of video tutorials by Paul Solman, interactive exercises, and testing"--P. vii. | ||
| 650 | 0 | _aMacroeconomics. | |
| 700 | 1 |
_aBrue, Stanley L., _d1945- |
|
| 942 |
_2lcc _cBK _e16th Ed. _n0 |
||
| 999 |
_c573 _d573 |
||